Normal view
MARC view
- Muhammad Ali Afzal (NUST-2012-60724-MCES-64112-F)
Entry Personal Name
001 - CONTROL NUMBER
- control field: 116305
003 - CONTROL NUMBER IDENTIFIER
- control field: NUST
005 - DATE AND TIME OF LATEST TRANSACTION
- control field: 20230912165925.0
008 - FIXED-LENGTH DATA ELEMENTS
- fixed length control field: 230912|| aca||aabn | a|a d
040 ## - CATALOGING SOURCE
- Original cataloging agency: NUST
- Transcribing agency: NUST
100 ## - HEADING--PERSONAL NAME
- Personal name: Muhammad Ali Afzal (NUST-2012-60724-MCES-64112-F)
670 ## - SOURCE DATA FOUND
- Source citation: Work cat.: (NUST): Muhammad Ali Afzal (NUST-2012-60724-MCES-64112-F), Role of IPPs in energy sector of Pakistan, comparison with different countries and policies to ensure positive role /, 2015
